00681nam a22002297a 4500003000500000005001700005008004100022010001000063011001000073035001000083040000900093082001600102110005000118245006700168260003700235300002300272650004000295650005600335700001600391700001900407700002500426CHAP20220817041807.0971013s1981 r 00010 d a24671 a25643 a29743 cCHAP a636.08bB72 aBritish Society of Animal Production. Reading aComputers in animal productionb: proceedings of a symposium.. aHaddington :bThe British,c1981 a155 p.b; gráfs.14aGanaderíaxModelos matemáticos.14aProcesamiento automático de datos en ganadería.0 aGunn, R. G.0 aHillyer, G. M.0 aWhittemore, Colin T.